[Event "Girls U12 Polish Youth Championship"]
[Site "chess24.com"]
[Date "2018.05.03"]
[Round "7"]
[White "Kucharska, Helena"]
[Black "Wichura, Sara"]
[Result "1-0"]
[Board "11"]
[WhiteElo "1247"]
[WhiteCountry "POL"]
[WhiteFideId "1195760"]
[WhiteEloChange "8"]
[BlackElo "1179"]
[BlackCountry "POL"]
[BlackFideId "21816670"]
[BlackEloChange "-8"]

1. d4 {[%clk 1:30:55]} d5 {[%clk 1:30:53]} 2. e3 {[%clk 1:31:17]} e6 {[%clk
1:31:02]} 3. Bd3 {[%clk 1:31:39]} Nf6 {[%clk 1:30:18]} 4. f4 {[%clk 1:31:58]} Ne4
{[%clk 1:25:34]} 5. Nf3 {[%clk 1:31:51]} Nd7 {[%clk 1:22:39]} 6. Nbd2 {[%clk
1:30:59]} Ndf6 {[%clk 1:22:34]} 7. O-O {[%clk 1:31:03]} h6 {[%clk 1:20:33]} 8.
Ne5 {[%clk 1:30:50]} Bd6 {[%clk 1:19:28]} 9. Ndf3 {[%clk 1:30:30]} Nd7 {[%clk
1:09:50]} 10. Bd2 {[%clk 1:21:08]} f6 {[%clk 1:07:43]} 11. Ng6 {[%clk 1:20:29]}
Rg8 {[%clk 1:05:56]} 12. Nfh4 {[%clk 1:18:16]} Nf8 {[%clk 1:04:26]} 13. Qh5
{[%clk 1:15:36]} Kd7 {[%clk 1:03:52]} 14. Ba5 {[%clk 1:11:01]} Qe8 {[%clk
0:59:41]} 15. f5 {[%clk 1:06:10]} Nxg6 {[%clk 0:58:24]} 16. Nxg6 {[%clk 1:04:40]}
e5 {[%clk 0:53:11]} 17. dxe5 {[%clk 0:56:05]} Bxe5 {[%clk 0:53:08]} 18. Rad1
{[%clk 0:50:27]} Bd6 {[%clk 0:47:31]} 19. Qf3 {[%clk 0:46:57]} c6 {[%clk
0:46:19]} 20. c4 {[%clk 0:46:34]} Ng5 {[%clk 0:46:22]} 21. Qf2 {[%clk 0:44:57]}
b6 {[%clk 0:44:49]} 22. Bc3 {[%clk 0:42:12]} Kc7 {[%clk 0:38:06]} 23. cxd5 {[%clk
0:37:45]} cxd5 {[%clk 0:37:01]} 24. Rc1 {[%clk 0:36:47]} Kb8 {[%clk 0:36:28]} 25.
Bd4 {[%clk 0:34:50]} Ne4 {[%clk 0:33:37]} 26. Qc2 {[%clk 0:34:11]} Nc5 {[%clk
0:31:48]} 27. b4 {[%clk 0:26:05]} Nxd3 {[%clk 0:31:53]} 28. Qxd3 {[%clk 0:26:19]}
Bxb4 {[%clk 0:30:17]} 29. Qb3 {[%clk 0:24:50]} Bd6 {[%clk 0:26:10]} 30. Qxd5
{[%clk 0:24:11]} Qd8 {[%clk 0:25:33]} 31. Qf7 {[%clk 0:20:52]} Ba6 {[%clk
0:17:43]} 32. Rfd1 {[%clk 0:19:09]} Be2 {[%clk 0:17:54]} 33. Rd2 {[%clk 0:18:28]}
Bh5 {[%clk 0:18:05]} 34. Bc5 {[%clk 0:09:27]} Bxh2+ {[%clk 0:13:38]} 35. Kxh2
{[%clk 0:09:26]} Qxd2 {[%clk 0:13:53]} 36. Qxg8+ {[%clk 0:09:13]} Kb7 {[%clk
0:14:18]} 37. Qf7+ {[%clk 0:09:16]} Ka6 {[%clk 0:14:19]} 38. Qc4+ {[%clk
0:09:21]} Kb7 {[%clk 0:13:15]} 39. Bd4 {[%clk 0:09:14]} Bf3 {[%clk 0:12:28]} 40.
Qc2 {[%clk 0:08:34]} Qxc2 {[%clk 0:12:19]} 41. Rxc2 {[%clk 0:08:53]} Be4 {[%clk
0:12:43]} 42. Rf2 {[%clk 0:09:03]} Rd8 {[%clk 0:11:58]} 43. g4 {[%clk 0:08:34]}
Rd5 {[%clk 0:11:28]} 44. a3 {[%clk 0:07:07]} h5 {[%clk 0:09:41]} 45. Nf4 {[%clk
0:06:03]} Ra5 {[%clk 0:09:37]} 46. Nxh5 {[%clk 0:05:51]} Rxa3 {[%clk 0:09:54]}
47. Nxg7 {[%clk 0:06:11]} a5 {[%clk 0:09:14]} 48. Rb2 {[%clk 0:06:08]} b5 {[%clk
0:08:39]} 49. Rxb5+ {[%clk 0:06:34]} Kc6 {[%clk 0:09:06]} 50. Rb2 {[%clk
0:06:16]} a4 {[%clk 0:09:25]} 51. Ne8 {[%clk 0:05:25]} Kd7 {[%clk 0:07:58]} 52.
Nxf6+ {[%clk 0:05:43]} Ke7 {[%clk 0:08:10]} 53. Nxe4 {[%clk 0:06:04]} Kf7 {[%clk
0:07:21]} 54. Rb7+ {[%clk 0:06:00]} Kf8 {[%clk 0:07:39]} 55. Bc5+ {[%clk
0:06:10]} Ke8 {[%clk 0:07:47]} 56. Bxa3 {[%clk 0:06:33]} 1-0

[Event "Girls U12 Polish Youth Championship"]
[Site "chess24.com"]
[Date "2018.05.03"]
[Round "7"]
[White "Szopa, Emilia"]
[Black "Scisla, Oliwia"]
[Result "0-1"]
[Board "12"]
[WhiteElo "1261"]
[WhiteCountry "POL"]
[WhiteFideId "21858853"]
[WhiteEloChange "-5"]
[BlackElo "1469"]
[BlackCountry "POL"]
[BlackFideId "21820465"]
[BlackEloChange "5"]

1. e4 {[%clk 1:30:44]} c5 {[%clk 1:30:16]} 2. Nf3 {[%clk 1:30:33]} Nc6 {[%clk
1:30:00]} 3. d4 {[%clk 1:30:23]} cxd4 {[%clk 1:29:57]} 4. Nxd4 {[%clk 1:29:33]}
g6 {[%clk 1:29:51]} 5. c4 {[%clk 1:29:05]} Nf6 {[%clk 1:29:15]} 6. Nc3 {[%clk
1:28:59]} Nxd4 {[%clk 1:28:46]} 7. Qxd4 {[%clk 1:28:35]} d6 {[%clk 1:28:18]} 8.
Be2 {[%clk 1:26:22]} Bg7 {[%clk 1:28:10]} 9. Be3 {[%clk 1:26:01]} O-O {[%clk
1:27:50]} 10. Qd2 {[%clk 1:26:10]} Be6 {[%clk 1:27:29]} 11. Rc1 {[%clk 1:25:18]}
Qa5 {[%clk 1:25:49]} 12. f3 {[%clk 1:24:33]} Rfc8 {[%clk 1:25:22]} 13. b3 {[%clk
1:23:35]} Rab8 {[%clk 1:24:03]} 14. Nd5 {[%clk 1:18:06]} Qxd2+ {[%clk 1:24:09]}
15. Kxd2 {[%clk 1:18:23]} Bxd5 {[%clk 1:23:56]} 16. cxd5 {[%clk 1:17:10]} a6
{[%clk 1:23:42]} 17. g4 {[%clk 1:16:36]} Nd7 {[%clk 1:23:12]} 18. h4 {[%clk
1:11:45]} Bb2 {[%clk 1:22:14]} 19. Rc2 {[%clk 1:08:50]} Rxc2+ {[%clk 1:21:35]}
20. Kxc2 {[%clk 1:08:32]} Ba3 {[%clk 1:21:25]} 21. h5 {[%clk 1:05:49]} Rc8+
{[%clk 1:20:45]} 22. Kd1 {[%clk 1:04:31]} Nf8 {[%clk 1:17:46]} 23. Bd3 {[%clk
1:01:08]} e6 {[%clk 1:17:23]} 24. dxe6 {[%clk 0:59:37]} Nxe6 {[%clk 1:17:22]} 25.
hxg6 {[%clk 0:59:07]} hxg6 {[%clk 1:17:21]} 26. Ke2 {[%clk 0:55:44]} b5 {[%clk
1:16:24]} 27. f4 {[%clk 0:52:00]} Bb2 {[%clk 1:14:42]} 28. f5 {[%clk 0:49:48]}
Nd4+ {[%clk 1:12:10]} 29. Kf2 {[%clk 0:49:40]} Nc2 {[%clk 1:10:46]} 30. Bf4
{[%clk 0:47:10]} Nb4 {[%clk 1:10:34]} 31. Bb1 {[%clk 0:46:06]} Be5 {[%clk
1:08:37]} 32. Bd2 {[%clk 0:41:57]} Bd4+ {[%clk 1:06:23]} 33. Ke2 {[%clk 0:41:26]}
Nc6 {[%clk 1:05:56]} 34. Rc1 {[%clk 0:39:11]} Bb2 {[%clk 1:05:29]} 35. Rh1 {[%clk
0:37:10]} Ne5 {[%clk 1:04:17]} 36. Rh4 {[%clk 0:34:11]} Bd4 {[%clk 1:02:46]} 37.
Bh6 {[%clk 0:32:19]} Rc3 {[%clk 1:01:45]} 38. f6 {[%clk 0:29:50]} Rg3 {[%clk
1:01:02]} 39. Bg7 {[%clk 0:22:41]} Rg2+ {[%clk 1:00:15]} 40. Kf1 {[%clk 0:17:12]}
Rf2+ {[%clk 0:59:51]} 41. Kg1 {[%clk 0:16:24]} Nf3+ {[%clk 0:59:42]} 42. Kh1
{[%clk 0:16:40]} Nxh4 {[%clk 0:59:18]} 0-1

[Event "Girls U12 Polish Youth Championship"]
[Site "chess24.com"]
[Date "2018.05.03"]
[Round "7"]
[White "Giemza, Julia"]
[Black "Rejniak, Zuzanna"]
[Result "0-1"]
[Board "13"]
[WhiteElo "1195"]
[WhiteCountry "POL"]
[WhiteFideId "21872112"]
[WhiteEloChange "-4"]
[BlackElo "1458"]
[BlackCountry "POL"]
[BlackFideId "21848017"]
[BlackEloChange "4"]

1. c4 {[%clk 1:30:59]} Nf6 {[%clk 1:30:51]} 2. d4 {[%clk 1:31:11]} g6 {[%clk
1:31:12]} 3. Nc3 {[%clk 1:31:21]} d5 {[%clk 1:31:38]} 4. Nf3 {[%clk 1:28:45]} Bg7
{[%clk 1:31:52]} 5. Bg5 {[%clk 1:24:59]} Ne4 {[%clk 1:31:14]} 6. e3 {[%clk
1:21:52]} O-O {[%clk 1:22:14]} 7. Qc2 {[%clk 1:14:25]} Nxg5 {[%clk 1:13:43]} 8.
Nxg5 {[%clk 1:14:32]} c5 {[%clk 1:12:25]} 9. dxc5 {[%clk 1:10:08]} dxc4 {[%clk
1:08:14]} 10. Bxc4 {[%clk 1:07:11]} Qa5 {[%clk 1:06:54]} 11. Ne4 {[%clk 1:03:40]}
Bf5 {[%clk 1:03:07]} 12. Bd3 {[%clk 0:57:07]} Nc6 {[%clk 1:00:19]} 13. a3 {[%clk
0:51:09]} Nb4 {[%clk 0:50:37]} 14. Qe2 {[%clk 0:41:41]} Nxd3+ {[%clk 0:49:47]}
15. Qxd3 {[%clk 0:41:46]} Rfd8 {[%clk 0:48:07]} 16. Qc4 {[%clk 0:33:12]} Bxe4
{[%clk 0:48:23]} 17. f3 {[%clk 0:26:43]} Bd3 {[%clk 0:46:12]} 18. Qb4 {[%clk
0:23:14]} Bxc3+ {[%clk 0:42:24]} 19. bxc3 {[%clk 0:23:28]} Qc7 {[%clk 0:42:07]}
20. c4 {[%clk 0:19:50]} Qe5 {[%clk 0:42:24]} 21. Kf2 {[%clk 0:19:19]} Bf5 {[%clk
0:38:00]} 22. g4 {[%clk 0:17:34]} Be6 {[%clk 0:34:30]} 23. h4 {[%clk 0:13:13]}
Rac8 {[%clk 0:34:29]} 24. h5 {[%clk 0:06:51]} a5 {[%clk 0:32:12]} 25. Qxa5 {[%clk
0:06:27]} Qxc5 {[%clk 0:32:37]} 26. Qc3 {[%clk 0:06:34]} Qxc4 {[%clk 0:32:48]}
27. Qe5 {[%clk 0:06:11]} Rd2+ {[%clk 0:32:23]} 28. Kg3 {[%clk 0:06:18]} Qc7
{[%clk 0:32:50]} 29. Qxc7 {[%clk 0:06:27]} Rxc7 {[%clk 0:33:15]} 30. Rab1 {[%clk
0:06:24]} Rd3 {[%clk 0:31:35]} 31. e4 {[%clk 0:06:17]} Rxa3 {[%clk 0:30:24]} 32.
h6 {[%clk 0:06:06]} f6 {[%clk 0:30:23]} 33. Rb4 {[%clk 0:05:50]} Rb3 {[%clk
0:29:39]} 34. Rd4 {[%clk 0:05:45]} Rd7 {[%clk 0:29:35]} 35. Ra4 {[%clk 0:05:56]}
Rd8 {[%clk 0:28:18]} 36. Rha1 {[%clk 0:05:58]} g5 {[%clk 0:28:22]} 37. Ra7 {[%clk
0:05:23]} Kf7 {[%clk 0:28:28]} 38. Rc1 {[%clk 0:04:56]} Rdd3 {[%clk 0:28:35]} 39.
Rf1 {[%clk 0:04:51]} b5 {[%clk 0:26:52]} 40. Rb7 {[%clk 0:04:45]} b4 {[%clk
0:26:50]} 41. Rf2 {[%clk 0:04:44]} Rb1 {[%clk 0:26:06]} 42. Kg2 {[%clk 0:04:07]}
b3 {[%clk 0:26:19]} 43. Re2 {[%clk 0:02:56]} Rc3 {[%clk 0:26:18]} 44. Kf2 {[%clk
0:02:47]} Rc2 {[%clk 0:26:23]} 45. Ke3 {[%clk 0:02:50]} Rxe2+ {[%clk 0:26:50]}
46. Kxe2 {[%clk 0:03:05]} Rh1 {[%clk 0:27:15]} 47. Kd2 {[%clk 0:02:28]} Rxh6
{[%clk 0:27:38]} 48. Ke3 {[%clk 0:02:42]} Rh2 {[%clk 0:28:01]} 0-1

[Event "Girls U12 Polish Youth Championship"]
[Site "chess24.com"]
[Date "2018.05.03"]
[Round "7"]
[White "Pastuszko, Katarzyna"]
[Black "Garbowska, Maja"]
[Result "0-1"]
[Board "14"]
[WhiteElo "1357"]
[WhiteCountry "POL"]
[WhiteFideId "21844615"]
[WhiteEloChange "-14"]
[BlackElo "1207"]
[BlackCountry "POL"]
[BlackFideId "21816573"]
[BlackEloChange "14"]

1. e4 {[%clk 1:30:53]} e5 {[%clk 1:30:55]} 2. Nf3 {[%clk 1:31:05]} Nc6 {[%clk
1:31:19]} 3. Bc4 {[%clk 1:30:52]} Bc5 {[%clk 1:31:39]} 4. d3 {[%clk 1:31:00]} Nf6
{[%clk 1:31:49]} 5. O-O {[%clk 1:30:21]} d6 {[%clk 1:31:58]} 6. c3 {[%clk
1:30:08]} a6 {[%clk 1:31:39]} 7. Nbd2 {[%clk 1:28:58]} Ba7 {[%clk 1:31:32]} 8.
Bb3 {[%clk 1:27:39]} h6 {[%clk 1:30:32]} 9. Qe2 {[%clk 1:21:55]} g5 {[%clk
1:30:10]} 10. Re1 {[%clk 1:12:58]} g4 {[%clk 1:30:06]} 11. Nh4 {[%clk 1:10:40]}
Nxe4 {[%clk 1:28:38]} 12. Qxe4 {[%clk 1:09:24]} Qxh4 {[%clk 1:28:12]} 13. d4
{[%clk 1:05:27]} Qe7 {[%clk 1:27:05]} 14. dxe5 {[%clk 0:56:33]} dxe5 {[%clk
1:26:06]} 15. Nc4 {[%clk 0:51:29]} f5 {[%clk 1:21:42]} 16. Qd5 {[%clk 0:44:26]}
Be6 {[%clk 1:19:12]} 17. Nd6+ {[%clk 0:41:37]} Kd7 {[%clk 1:14:22]} 18. Nxf5+
{[%clk 0:39:57]} Bxd5 {[%clk 1:14:24]} 19. Nxe7 {[%clk 0:40:14]} Nxe7 {[%clk
1:14:28]} 20. Rd1 {[%clk 0:35:48]} Ke6 {[%clk 1:13:20]} 21. Bd2 {[%clk 0:31:25]}
Bxb3 {[%clk 1:13:12]} 22. axb3 {[%clk 0:31:06]} Rad8 {[%clk 1:12:54]} 23. Kf1
{[%clk 0:28:14]} h5 {[%clk 1:11:18]} 24. Ke2 {[%clk 0:26:20]} Rhf8 {[%clk
1:09:55]} 25. f3 {[%clk 0:25:12]} gxf3+ {[%clk 1:09:09]} 26. gxf3 {[%clk
0:24:40]} Nd5 {[%clk 1:07:20]} 27. Bh6 {[%clk 0:19:46]} Nf4+ {[%clk 1:05:01]} 28.
Ke1 {[%clk 0:18:04]} Rxd1+ {[%clk 1:05:13]} 29. Rxd1 {[%clk 0:18:20]} Rf7 {[%clk
1:04:57]} 30. Rd8 {[%clk 0:17:13]} Rd7 {[%clk 1:03:09]} 31. Re8+ {[%clk 0:15:46]}
Re7 {[%clk 1:02:01]} 32. Rd8 {[%clk 0:15:21]} Rh7 {[%clk 0:58:34]} 33. Bg5 {[%clk
0:14:02]} Rg7 {[%clk 0:58:21]} 34. h4 {[%clk 0:13:56]} Nh3 {[%clk 0:58:02]} 35.
Re8+ {[%clk 0:12:00]} Kd6 {[%clk 0:52:19]} 36. Rd8+ {[%clk 0:09:32]} Kc6 {[%clk
0:51:22]} 37. Bf6 {[%clk 0:08:07]} Rg1+ {[%clk 0:51:21]} 38. Kd2 {[%clk 0:07:55]}
Rg2+ {[%clk 0:51:22]} 39. Kc1 {[%clk 0:07:57]} Be3+ {[%clk 0:51:21]} 40. Kb1
{[%clk 0:07:59]} Bf4 {[%clk 0:50:04]} 41. Rh8 {[%clk 0:07:24]} Ng1 {[%clk
0:48:51]} 42. Rxh5 {[%clk 0:06:49]} Nxf3 {[%clk 0:48:54]} 43. Rf5 {[%clk
0:05:49]} Rg4 {[%clk 0:43:02]} 44. h5 {[%clk 0:04:34]} e4 {[%clk 0:41:10]} 45.
Bd4 {[%clk 0:02:56]} Nxd4 {[%clk 0:39:11]} 46. cxd4 {[%clk 0:02:59]} e3 {[%clk
0:39:17]} 47. Rc5+ {[%clk 0:02:30]} Kd6 {[%clk 0:39:32]} 48. Rc1 {[%clk 0:02:41]}
Rh4 {[%clk 0:39:26]} 49. Rf1 {[%clk 0:02:14]} e2 {[%clk 0:38:34]} 50. Re1 {[%clk
0:02:28]} Rh2 {[%clk 0:38:27]} 51. Kc2 {[%clk 0:02:23]} Bg3 {[%clk 0:38:46]} 52.
Rg1 {[%clk 0:02:41]} e1Q+ {[%clk 0:38:58]} 0-1

[Event "Girls U12 Polish Youth Championship"]
[Site "chess24.com"]
[Date "2018.05.03"]
[Round "7"]
[White "Szewczuk, Aleksandra"]
[Black "Siekanska, Maria"]
[Result "1-0"]
[Board "15"]
[WhiteElo "1178"]
[WhiteCountry "POL"]
[WhiteFideId "21861625"]
[WhiteEloChange "18"]
[BlackElo "1550"]
[BlackCountry "POL"]
[BlackFideId "21852650"]
[BlackEloChange "-18"]

1. e4 {[%clk 1:30:58]} c5 {[%clk 1:30:59]} 2. b3 {[%clk 1:31:11]} e6 {[%clk
1:31:13]} 3. Bb2 {[%clk 1:31:15]} d5 {[%clk 1:31:11]} 4. exd5 {[%clk 1:30:36]}
exd5 {[%clk 1:31:14]} 5. Bb5+ {[%clk 1:30:02]} Bd7 {[%clk 1:30:41]} 6. Bxd7+
{[%clk 1:29:45]} Qxd7 {[%clk 1:30:42]} 7. f4 {[%clk 1:27:00]} d4 {[%clk 1:27:33]}
8. d3 {[%clk 1:25:40]} Nc6 {[%clk 1:24:30]} 9. Qe2+ {[%clk 1:22:38]} Be7 {[%clk
1:23:18]} 10. Nf3 {[%clk 1:20:27]} Nf6 {[%clk 1:22:43]} 11. Nbd2 {[%clk 1:18:31]}
O-O {[%clk 1:22:12]} 12. O-O {[%clk 1:17:27]} Rfe8 {[%clk 1:19:28]} 13. Qf2
{[%clk 1:15:59]} Ng4 {[%clk 1:16:40]} 14. Qg3 {[%clk 1:15:10]} Ne3 {[%clk
1:16:49]} 15. Rfc1 {[%clk 1:13:45]} f5 {[%clk 1:00:29]} 16. Nf1 {[%clk 1:10:33]}
Nd5 {[%clk 0:56:40]} 17. Ne5 {[%clk 1:08:46]} Bd6 {[%clk 0:52:23]} 18. Nxd7
{[%clk 1:07:22]} Bxf4 {[%clk 0:52:10]} 19. Qh3 {[%clk 1:07:11]} Bxc1 {[%clk
0:52:17]} 20. Rxc1 {[%clk 1:07:18]} Nf4 {[%clk 0:52:16]} 21. Qxf5 {[%clk
1:03:49]} Ne2+ {[%clk 0:52:34]} 22. Kh1 {[%clk 1:03:36]} Nxc1 {[%clk 0:52:46]}
23. Bxc1 {[%clk 1:01:51]} Re7 {[%clk 0:46:10]} 24. h3 {[%clk 1:00:15]} Rae8
{[%clk 0:38:22]} 25. Bd2 {[%clk 0:58:47]} Rf7 {[%clk 0:34:25]} 26. Qd5 {[%clk
0:58:12]} Rd8 {[%clk 0:31:41]} 27. Qe6 {[%clk 0:57:48]} Rxd7 {[%clk 0:25:06]} 28.
Qe8+ {[%clk 0:58:02]} Rf8 {[%clk 0:25:32]} 29. Qxd7 {[%clk 0:58:20]} Rxf1+ {[%clk
0:25:59]} 30. Kh2 {[%clk 0:58:42]} Rf2 {[%clk 0:23:48]} 31. Qd5+ {[%clk 0:58:53]}
Kf8 {[%clk 0:23:47]} 32. Qxc5+ {[%clk 0:59:15]} Ke8 {[%clk 0:23:55]} 33. Bg5
{[%clk 0:58:27]} h6 {[%clk 0:23:52]} 34. Bh4 {[%clk 0:58:29]} Rd2 {[%clk
0:23:55]} 35. Qh5+ {[%clk 0:57:33]} Kf8 {[%clk 0:24:12]} 36. c3 {[%clk 0:55:48]}
dxc3 {[%clk 0:22:01]} 37. Qc5+ {[%clk 0:56:10]} Kg8 {[%clk 0:22:25]} 38. Qxc3
{[%clk 0:56:21]} Rxa2 {[%clk 0:22:35]} 39. b4 {[%clk 0:56:15]} Re2 {[%clk
0:21:10]} 40. d4 {[%clk 0:55:54]} Re4 {[%clk 0:20:01]} 41. Bf2 {[%clk 0:55:15]}
a6 {[%clk 0:18:25]} 42. Qc5 {[%clk 0:52:45]} Rf4 {[%clk 0:13:38]} 43. Be3 {[%clk
0:51:01]} Rf7 {[%clk 0:12:54]} 44. b5 {[%clk 0:50:25]} axb5 {[%clk 0:12:52]} 45.
Qxb5 {[%clk 0:50:46]} Re7 {[%clk 0:12:50]} 46. Bf2 {[%clk 0:49:58]} Rf7 {[%clk
0:09:27]} 47. Qc4 {[%clk 0:48:15]} Kf8 {[%clk 0:09:08]} 48. Bg3 {[%clk 0:48:14]}
Rd7 {[%clk 0:08:54]} 49. d5 {[%clk 0:48:28]} Ne7 {[%clk 0:09:18]} 50. d6 {[%clk
0:48:26]} Nc6 {[%clk 0:09:32]} 51. Qe6 {[%clk 0:48:16]} 1-0

[Event "Girls U12 Polish Youth Championship"]
[Site "chess24.com"]
[Date "2018.05.03"]
[Round "7"]
[White "Janikowska, Wiktoria"]
[Black "Mazurek, Maja"]
[Result "1/2-1/2"]
[Board "16"]
[WhiteElo "1369"]
[WhiteCountry "POL"]
[WhiteFideId "21836388"]
[WhiteEloChange "-4"]
[BlackElo "1233"]
[BlackCountry "POL"]
[BlackFideId "21836426"]
[BlackEloChange "4"]

1. e4 {[%clk 1:30:55]} c6 {[%clk 1:27:48]} 2. d4 {[%clk 1:31:05]} d5 {[%clk
1:28:09]} 3. Nc3 {[%clk 1:31:06]} g6 {[%clk 1:26:38]} 4. h3 {[%clk 1:31:16]} Bg7
{[%clk 1:26:05]} 5. Nf3 {[%clk 1:31:25]} e6 {[%clk 1:21:10]} 6. Be3 {[%clk
1:30:34]} Nf6 {[%clk 1:19:15]} 7. Bd3 {[%clk 1:29:37]} O-O {[%clk 1:17:07]} 8.
O-O {[%clk 1:29:34]} Qc7 {[%clk 1:11:16]} 9. Qd2 {[%clk 1:28:09]} Re8 {[%clk
1:09:30]} 10. Bf4 {[%clk 1:15:48]} Qd8 {[%clk 1:05:32]} 11. e5 {[%clk 1:07:36]}
Nfd7 {[%clk 1:05:33]} 12. Ne2 {[%clk 1:05:53]} c5 {[%clk 1:00:49]} 13. c3 {[%clk
1:05:39]} Nc6 {[%clk 1:00:16]} 14. Bb5 {[%clk 1:02:30]} a6 {[%clk 0:58:06]} 15.
Bxc6 {[%clk 1:02:36]} bxc6 {[%clk 0:58:13]} 16. Nh2 {[%clk 0:57:38]} Qb6 {[%clk
0:49:21]} 17. Ng4 {[%clk 0:52:36]} a5 {[%clk 0:41:34]} 18. Nh6+ {[%clk 0:42:58]}
Kf8 {[%clk 0:39:37]} 19. Ng4 {[%clk 0:39:39]} Kg8 {[%clk 0:39:47]} 20. Nh6+
{[%clk 0:37:42]} Kf8 {[%clk 0:39:50]} 21. Qe3 {[%clk 0:36:32]} Ba6 {[%clk
0:36:29]} 22. Bg5 {[%clk 0:27:50]} Bxe2 {[%clk 0:32:32]} 23. Qxe2 {[%clk
0:27:42]} cxd4 {[%clk 0:32:34]} 24. Ng4 {[%clk 0:21:22]} dxc3 {[%clk 0:30:23]}
25. bxc3 {[%clk 0:21:31]} h5 {[%clk 0:25:24]} 26. Nf6 {[%clk 0:20:16]} Bxf6
{[%clk 0:21:47]} 27. Bxf6 {[%clk 0:16:48]} Nxf6 {[%clk 0:20:34]} 28. exf6 {[%clk
0:17:13]} Kg8 {[%clk 0:19:01]} 29. Qe5 {[%clk 0:15:36]} Qc5 {[%clk 0:17:15]} 30.
Rab1 {[%clk 0:13:13]} Rad8 {[%clk 0:10:11]} 31. Rfe1 {[%clk 0:10:42]} Qd6 {[%clk
0:09:58]} 32. Rb6 {[%clk 0:09:46]} Qxe5 {[%clk 0:09:36]} 33. Rxe5 {[%clk
0:10:07]} Rb8 {[%clk 0:07:48]} 34. Ra6 {[%clk 0:07:50]} Rb1+ {[%clk 0:07:17]} 35.
Kh2 {[%clk 0:08:13]} Rb2 {[%clk 0:07:41]} 36. Rxa5 {[%clk 0:08:31]} Rxf2 {[%clk
0:08:04]} 37. Ra6 {[%clk 0:08:05]} Rc8 {[%clk 0:08:18]} 38. a4 {[%clk 0:08:17]}
Rxf6 {[%clk 0:08:28]} 39. Re2 {[%clk 0:08:33]} Rf4 {[%clk 0:08:15]} 40. Ra2
{[%clk 0:08:36]} Rc4 {[%clk 0:08:14]} 41. Ra3 {[%clk 0:08:33]} d4 {[%clk
0:07:28]} 42. cxd4 {[%clk 0:08:53]} Rxd4 {[%clk 0:07:51]} 43. Rb6 {[%clk
0:08:54]} c5 {[%clk 0:06:13]} 44. a5 {[%clk 0:09:15]} Ra8 {[%clk 0:06:25]} 45. a6
{[%clk 0:09:35]} Rdd8 {[%clk 0:06:34]} 46. a7 {[%clk 0:08:30]} Rdc8 {[%clk
0:06:33]} 47. Rb7 {[%clk 0:08:19]} Kg7 {[%clk 0:06:35]} 48. Rab3 {[%clk 0:08:36]}
Rc6 {[%clk 0:05:39]} 49. Ra3 {[%clk 0:08:54]} Rcc8 {[%clk 0:05:16]} 50. Rab3
{[%clk 0:09:19]} c4 {[%clk 0:05:19]} 51. Rb1 {[%clk 0:09:03]} c3 {[%clk 0:04:59]}
52. Rf1 {[%clk 0:07:43]} Kg8 {[%clk 0:04:00]} 53. Rfxf7 {[%clk 0:07:41]} c2
{[%clk 0:03:27]} 54. Rg7+ {[%clk 0:08:05]} Kh8 {[%clk 0:03:05]} 55. Rh7+ {[%clk
0:08:30]} Kg8 {[%clk 0:03:31]} 56. Rbg7+ {[%clk 0:08:40]} Kf8 {[%clk 0:03:37]}
57. Rf7+ {[%clk 0:09:04]} Kg8 {[%clk 0:03:12]} 58. Rhg7+ {[%clk 0:09:30]} Kh8
{[%clk 0:03:38]} 59. Rh7+ {[%clk 0:09:53]} Kg8 {[%clk 0:03:21]} 60. Rhg7+ {[%clk
0:10:15]} Kh8 {[%clk 0:03:36]} 61. Rh7+ {[%clk 0:10:24]} Kg8 {[%clk 0:03:33]}
1/2-1/2

[Event "Girls U12 Polish Youth Championship"]
[Site "chess24.com"]
[Date "2018.05.03"]
[Round "7"]
[White "Pudelko, Magdalena"]
[Black "Tim, Anna"]
[Result "0-1"]
[Board "18"]
[WhiteElo "1241"]
[WhiteCountry "POL"]
[WhiteFideId "21839093"]
[WhiteEloChange "-11"]
[BlackElo "1189"]
[BlackCountry "POL"]
[BlackFideId "21861633"]
[BlackEloChange "11"]

1. e4 {[%clk 1:30:59]} e6 {[%clk 1:30:36]} 2. d4 {[%clk 1:31:21]} d5 {[%clk
1:30:52]} 3. Nd2 {[%clk 1:31:46]} c5 {[%clk 1:31:05]} 4. Ngf3 {[%clk 1:31:45]}
Nc6 {[%clk 1:31:00]} 5. Bb5 {[%clk 1:31:34]} cxd4 {[%clk 1:30:55]} 6. Nxd4 {[%clk
1:31:49]} Bd7 {[%clk 1:31:07]} 7. Nxc6 {[%clk 1:30:00]} Bxc6 {[%clk 1:31:31]} 8.
Bxc6+ {[%clk 1:30:07]} bxc6 {[%clk 1:31:56]} 9. O-O {[%clk 1:30:05]} Nf6 {[%clk
1:31:02]} 10. e5 {[%clk 1:28:03]} Nd7 {[%clk 1:31:11]} 11. f4 {[%clk 1:28:19]}
Bc5+ {[%clk 1:30:52]} 12. Kh1 {[%clk 1:28:35]} O-O {[%clk 1:30:32]} 13. c4 {[%clk
1:28:17]} Be3 {[%clk 1:24:39]} 14. Nb3 {[%clk 1:25:09]} Bxc1 {[%clk 1:24:41]} 15.
Rxc1 {[%clk 1:25:26]} Nb6 {[%clk 1:24:11]} 16. Na5 {[%clk 1:19:21]} Qd7 {[%clk
1:20:30]} 17. c5 {[%clk 1:18:54]} Nc8 {[%clk 1:19:42]} 18. Qb3 {[%clk 1:17:47]}
Ne7 {[%clk 1:17:35]} 19. Rfd1 {[%clk 1:14:33]} Qc7 {[%clk 1:15:45]} 20. Qc3
{[%clk 1:14:47]} Ng6 {[%clk 1:12:07]} 21. Rf1 {[%clk 1:14:09]} Rab8 {[%clk
1:08:24]} 22. Nb3 {[%clk 1:13:00]} Rfc8 {[%clk 1:02:01]} 23. Rce1 {[%clk
1:07:18]} Re8 {[%clk 0:56:09]} 24. Nd4 {[%clk 0:59:59]} Qb7 {[%clk 0:51:13]} 25.
Rf2 {[%clk 0:55:28]} Nh4 {[%clk 0:42:29]} 26. Qg3 {[%clk 0:38:10]} Qb4 {[%clk
0:39:26]} 27. Rd1 {[%clk 0:26:54]} Nf5 {[%clk 0:38:33]} 28. Nxf5 {[%clk 0:24:15]}
exf5 {[%clk 0:38:54]} 29. Qe3 {[%clk 0:22:30]} Qa4 {[%clk 0:37:22]} 30. b3 {[%clk
0:22:30]} Qb5 {[%clk 0:34:14]} 31. Rc2 {[%clk 0:17:30]} Qb4 {[%clk 0:32:23]} 32.
Rd4 {[%clk 0:14:19]} Qb5 {[%clk 0:31:50]} 33. Qd3 {[%clk 0:13:19]} Qxd3 {[%clk
0:32:02]} 34. Rxd3 {[%clk 0:13:47]} Rb4 {[%clk 0:31:58]} 35. g3 {[%clk 0:13:58]}
Re4 {[%clk 0:31:52]} 36. Rcd2 {[%clk 0:13:27]} Rd8 {[%clk 0:31:51]} 37. Rd4
{[%clk 0:12:40]} g6 {[%clk 0:32:08]} 38. Kg2 {[%clk 0:10:46]} Kf8 {[%clk
0:31:56]} 39. Kh3 {[%clk 0:09:17]} Ke7 {[%clk 0:31:52]} 40. Kh4 {[%clk 0:08:38]}
h6 {[%clk 0:31:53]} 41. a3 {[%clk 0:05:52]} f6 {[%clk 0:30:53]} 42. exf6+ {[%clk
0:05:35]} Kxf6 {[%clk 0:31:07]} 43. Rb4 {[%clk 0:05:32]} Rd7 {[%clk 0:30:14]} 44.
Rdd4 {[%clk 0:02:34]} Re2 {[%clk 0:26:41]} 45. Kh3 {[%clk 0:02:33]} Re4 {[%clk
0:26:44]} 46. a4 {[%clk 0:02:09]} Re2 {[%clk 0:23:55]} 47. a5 {[%clk 0:02:36]} g5
{[%clk 0:23:59]} 48. fxg5+ {[%clk 0:01:29]} hxg5 {[%clk 0:24:17]} 49. g4 {[%clk
0:01:39]} f4 {[%clk 0:24:30]} 50. Rd3 {[%clk 0:01:05]} Rh7# {[%clk 0:24:51]} 0-1